000 00272nam a22000977a 4500
082 _aVol-
245 _aForeign Affairs :
_bmagazine for in-depth analysis and debate of foreign policy /
260 _aCanada :
_bCouncil on Foreign Relations,
300 _c24cm.
942 _cCR
999 _c566169
_d566169